000 00417 a2200109 4500
001 ART_23502
005 20260410161931.0
008 260409a
245 1 0 _aPrevisiones sobre contabilidad en el proyecto de ley de sociedades
100 1 _aFargosi, Horacio P.
773 0 _tRevista de la Facultad de Ciencias Económicas de la Universidad de Cuyo
_g- Año XIX, Nº 55/56 (ene./ago. 1967)
_wREV22981
999 _c28583
_d28583